000 00528nam a2200181Ia 4500
005 20230411090848.0
008 131103s9999 xx 000 0 und d
040 _aLoreto College
041 _aEnglish
082 _a823.09
_bHOW
245 _aPlay up and play the game
_b the heroes of popular fiction
_cPatrick Howarth
260 _aLondon
_bEyre Methuen
_c1973
300 _aix,178p.
504 _aIncludes bibliographical references and index
650 _aEnglish fiction - criticism
850 _aLCLIB
942 _cBK
999 _c22309
_d72788